00336 a2200097 4500001001000000005001700010008004100027245009500068100002400163773005100187ART_1851220260410161702.0260409a 10aEl registro de participaciones sociales al portador de la República Oriental del Uruguay1 aFerraro, Ricardo H.0 tRevista Impuestosg- Nº 9 (sep. 2012)wREV639